Normal view
MARC view
Entry Personal Name
001 - CONTROL NUMBER
- control field: 70126
003 - CONTROL NUMBER IDENTIFIER
- control field: dpl
005 - DATE AND TIME OF LATEST TRANSACTION
- control field: 20240816144830.0
008 - FIXED-LENGTH DATA ELEMENTS
- fixed length control field: 240816|| aca||aabn | a|a d
040 ## - CATALOGING SOURCE
- Original cataloging agency: dpl
- Transcribing agency: dpl
100 ## - HEADING--PERSONAL NAME
- Personal name: अखण्डानन्द सरस्वती
670 ## - SOURCE DATA FOUND
- Source citation: Work cat.: (dpl)205039: अखण्डानन्द सरस्वती, माधुर्य-कादम्बिनी/, 2013
